000 01257aam a2200313 i 4500
001 768714001
003 CO-MdFUSB
005 20240531062734.0
007 ta
008 220204t1985 pr |||| |||| 00| 0 spa d
020 _a0881132071
040 _bspa.
_aCO-MdFUSB
_cCO-MdFUSB
_dCO-MdFUSBC
_erda
041 _aspa
082 0 4 _a248.32
_223
_bM9811m
100 1 _aMurray, Andrew (1828-1917)
_eautor
245 1 3 _aEl ministerio de la oración intercesora
_c/ Andrew Murray
264 1 _aPuerto Rico, USA :
_bBetania,
_c[1985]
264 4 _c© 1985
300 _a172 páginas
_c; 21 cm
336 _atexto
_btxt
_2rdacontent
337 _2rdamedia
_asin mediación
_bn
338 _2rdacarrier
_avolumen
_bnc
505 _aLa falta de oración -- El ministerio del Espíritu y la oración -- Un modelo de intercesión -- Por su importunidad -- La vida que puede orar -- ¿Es pecado la falta de oración? -- ¿Quieres ser sano? -- El decreto de la oración eficaz -- El espíritu de súplica -- En el nombre de Cristo -- El Dios mío me oirá -- Pablo, un dechado de oración -- Dios busca intercesores -- El avivamiento venidero.
563 _aRústico
650 7 _aOración
_986
650 7 _aCristianismo
_2
_922
942 _cBK
945 _aJTF-925
999 _c32001
_d32001